000 00446nam a2200157Ia 4500
003 LK-CoDNM
008 010623t1910 xxu||||| |||| 00| 1 eng d
040 _aLK-CoDNM
_dLK-CoDNM
_eLK-CoDNM
041 _aeng
080 _a8 J 8.b
100 _aBlumhardt,James Fuller.
_eed.
245 _aA Supplementary Catalogue of Bengali books in the Library of the British Museum,1886-1910
260 _bLondon
_c1910
300 _b470p., 28 cm
942 _cBK
999 _c87229
_d87229